Mario Kart 8 Deluxe Battle Stages - Statistics

General Stats
  • This quiz has been taken 123 times
  • The average score is 6 of 8
Answer Stats
Origin Stage % Correct
Mario Kart Double Dash!! Luigi’s Mansion
89%
Super Mario Kart Battle Course 1
87%
Mario Kart 7 Wuhu Town
83%
Splatoon Urchin Underpass
79%
Mario Kart 8 Deluxe Battle Stadium
74%
Mario Kart 8 Deluxe Sweet Sweet Kingdom
73%
Mario Kart 8 Deluxe Lunar Colony
68%
Mario Kart 8 Deluxe Dragon Palace
67%
No matching quizzes found
Score Distribution
Percent of People with Each Score
Percentile by Number Answered
Your Score History
You have not taken this quiz